Countries That Use the Most Pesticides - Statistics

General Stats
  • This quiz has been taken 29 times
  • The average score is 9 of 10
Answer Stats
Tons (Thousdands) Country % Correct
719.5 Brazil
100%
93.0 Canada
100%
233.9 China
100%
97.0 Russia
96%
457.4 United States
96%
63.4 Australia
89%
69.6 France
89%
241.5 Argentina
86%
283.3 Indonesia
82%
76.2 Spain
79%
No matching quizzes found
Score Distribution
Percent of People with Each Score
Percentile by Number Answered
Your Score History
You have not taken this quiz